[Event "Raciborz op 19th"]
[Site "Raciborz"]
[Date "2019.02.13"]
[Round "7"]
[White "Nester, Ihor"]
[Black "Drozniak, Stanislaw"]
[Result "1/2-1/2"]
[WhiteElo "2369"]
[BlackElo "2048"]
[PlyCount "66"]
[EventDate "2019.02.09"]
[EventType "swiss"]
[EventRounds "9"]
[EventCountry "POL"]
[SourceTitle "CBM 188 Extra"]
[Source "ChessBase"]
[SourceDate "2019.02.28"]
[SourceVersion "1"]
[SourceVersionDate "2019.02.28"]
[SourceQuality "1"]

1. Nf3 Nf6 2. c4 c5 3. Nc3 d5 4. cxd5 Nxd5 5. d4 Nxc3 6. bxc3 g6 7. Bf4 Bg7 8. e3 0-0 9. Be2 Qa5 10. 0-0 Nd7 11. Qb3 cxd4 12. cxd4 Nb6 13. a4 Be6 14. Qb5 Qxb5 15. axb5 Bc4 16. Bxc4 Nxc4 17. e4 Rfd8 18. Rfc1 Nd6 19. Bxd6 Rxd6 20. e5 Rb6 21. Ra5 f6 22. Kf1 Kf7 23. Rc7 fxe5 24. dxe5 a6 25. bxa6 Rbxa6 26. Rd5 Ra1+ 27. Ke2 R8a2+ 28. Rd2 Rxd2+ 29. Kxd2 Ra2+ 30. Ke1 Ra1+ 31. Ke2 Ra2+ 32. Ke1 Ra1+ 33. Ke2 Ra2+ 1/2-1/2

[Event "Raciborz op 19th"]
[Site "Raciborz"]
[Date "2019.02.10"]
[Round "4"]
[White "Nester, Ihor"]
[Black "Peng, Li Min"]
[Result "1/2-1/2"]
[WhiteElo "2369"]
[BlackElo "2451"]
[PlyCount "26"]
[EventDate "2019.02.09"]
[EventType "swiss"]
[EventRounds "9"]
[EventCountry "POL"]
[SourceTitle "CBM 188 Extra"]
[Source "ChessBase"]
[SourceDate "2019.02.28"]
[SourceVersion "1"]
[SourceVersionDate "2019.02.28"]
[SourceQuality "1"]

1. Nf3 d5 2. d4 Nf6 3. c4 dxc4 4. e3 e6 5. Bxc4 c5 6. 0-0 a6 7. dxc5 Bxc5 8. Qxd8+ Kxd8 9. Ne5 Ke7 10. Be2 Nbd7 11. Nc4 Ra7 12. Nbd2 b5 13. Na5 Rc7 1/2-1/2

[Event "Zadar op-A 25th"]
[Site "Zadar"]
[Date "2018.12.21"]
[Round "8"]
[White "Livaic, Leon"]
[Black "Nester, Ihor"]
[Result "1-0"]
[WhiteElo "2474"]
[BlackElo "2337"]
[PlyCount "119"]
[EventDate "2018.12.15"]
[EventType "swiss"]
[EventRounds "9"]
[EventCountry "CRO"]
[SourceTitle "CBM 187 Extra"]
[Source "ChessBase"]
[SourceDate "2018.11.04"]
[SourceVersion "1"]
[SourceVersionDate "2018.11.04"]
[SourceQuality "1"]

1. d4 f5 2. c4 Nf6 3. g3 g6 4. Bg2 Bg7 5. Nf3 0-0 6. 0-0 d6 7. Nc3 Qe8 8. d5 a5 9. Nd4 Na6 10. b3 Bd7 11. Rb1 Nc5 12. Bb2 c6 13. a3 e5 14. dxe6 Bxe6 15. Nxe6 Qxe6 16. Qc2 Nfe4 17. Nxe4 Nxe4 18. Bxg7 Kxg7 19. Rbd1 Qe5 20. e3 Rfe8 21. Rd4 Qc5 22. Rfd1 Rad8 23. b4 axb4 24. axb4 Qe5 25. f4 Qe7 26. Bxe4 fxe4 27. Qd2 d5 28. cxd5 cxd5 29. Qc3 Qf6 30. Qc7+ Kg8 31. Qxb7 Re7 32. Qb5 Red7 33. Qc5 Qe6 34. b5 Rd6 35. Qc3 Rc8 36. Qd2 Rc5 37. Qb4 Rc2 38. R4d2 Rc8 39. Qd4 Rb8 40. Ra1 Rd7 41. Ra6 Qg4 42. Qe5 Rc8 43. Rc6 Ra8 44. Rc1 Qf5 45. Rc5 Qxe5 46. fxe5 Kf7 47. Rcxd5 Rxd5 48. Rxd5 Ke6 49. Rd1 Rb8 50. Rb1 Rb6 51. h4 Kxe5 52. Kg2 Kf5 53. Kh3 h5 54. Rb4 g5 55. hxg5 Kxg5 56. Rb1 Kg6 57. Kh4 Kf5 58. Kxh5 Rb8 59. g4+ Kf6 60. g5+ 1-0